000 00378nam a22001337a 4500
003 SGT
082 _a617.692
_bC13K
100 _aSIMRAN PAL KAUR
245 _aCLINICAL AND RADIOGRAPHIC EVALUATION OF IMMEDIATELY LOADED BASAL IMPLANTS IN RESORBED RIDGES
260 _aDELHI NCR
_bSGT UNIVERSITY GURUGRAM
_c2013
300 _a1-82
650 _aPROSTHODONTICS
942 _2ddc
_cTH
999 _c16185
_d16185